[Event "16th ch-EUR Indiv w 2015"]
[Site "Chakvi GEO"]
[Date "2015.05.23"]
[Round "5.19"]
[White "Charochkina, Daria"]
[Black "Sedina, Elena"]
[Result "1-0"]
[WhiteTitle "WGM"]
[BlackTitle "IM"]
[WhiteElo "2391"]
[BlackElo "2312"]
[WhiteFideId "4180917"]
[BlackFideId "812153"]
[EventDate "2015.05.19"]

1. e4 e6 2. d4 d5 3. Nc3 Bb4 4. a3 Bxc3+ 5. bxc3 dxe4 6. Qg4 Nf6 7. Qxg7 Rg8 8.
Qh6 c5 9. Ne2 cxd4 10. cxd4 Nc6 11. Bb2 Bd7 12. Ng3 Rg6 13. Qd2 Qa5 14. Bc3 Qa4
15. Be2 Ne7 16. Bb4 Ned5 17. O-O a5 18. Bd6 Qc6 19. Be5 Qc3 20. Qxc3 Nxc3 21.
Rfe1 Rc8 22. Bf1 Bc6 23. a4 Bd5 24. Ra3 Ke7 25. Bf4 Ba2 26. Bc1 Nfd5 27. Nxe4
Nxe4 28. Rxa2 Nb4 29. Ba3 Nd2 30. Rd1 Nxf1 31. Kxf1 Rc4 32. Rb2 Kd6 33. Rdb1
Rxd4 34. c3 Rd3 35. Rb3 Kd5 36. cxb4 Rxb3 37. Rxb3 Kc4 38. Rb1 Rg5 39. bxa5 Rxa5
40. Rxb7 Rxa4 41. Bf8 f5 42. g3 e5 43. Rxh7 Kd3 44. Rd7+ Ke4 45. Kg2 Ra8 46. f3+
Ke3 47. Bc5+ 1-0

[Event "16th ch-EUR Indiv w 2015"]
[Site "Chakvi GEO"]
[Date "2015.05.23"]
[Round "5.20"]
[White "Umudova, Nargiz"]
[Black "Paehtz, Elisabeth"]
[Result "0-1"]
[WhiteTitle "WIM"]
[BlackTitle "IM"]
[WhiteElo "2275"]
[BlackElo "2473"]
[WhiteFideId "13402137"]
[BlackFideId "4641833"]
[EventDate "2015.05.19"]

1. e4 e6 2. d4 d5 3. Nc3 Bb4 4. e5 c5 5. a3 Bxc3+ 6. bxc3 Qa5 7. Qd2 Nd7 8. a4
Ne7 9. Nf3 b6 10. Bd3 Ba6 11. O-O O-O 12. Re1 Rfc8 13. Ng5 h6 14. Bh7+ Kf8 15.
Nxe6+ fxe6 16. Qf4+ Ke8 17. Bd2 g5 18. Qe3 Nf8 19. Bd3 Bxd3 20. Qxd3 Nf5 21. Qe2
Ng6 0-1

[Event "16th ch-EUR Indiv w 2015"]
[Site "Chakvi GEO"]
[Date "2015.05.23"]
[Round "5.21"]
[White "Zawadzka, Jolanta"]
[Black "Kursova, Maria"]
[Result "0-1"]
[WhiteTitle "WGM"]
[BlackTitle "WGM"]
[WhiteElo "2434"]
[BlackElo "2267"]
[WhiteFideId "1122320"]
[BlackFideId "4129709"]
[EventDate "2015.05.19"]

1. e4 c5 2. Nf3 e6 3. d4 cxd4 4. Nxd4 Nc6 5. Nb5 d6 6. c4 a6 7. Nd4 Nf6 8. Nc3
Be7 9. Be2 Qc7 10. O-O O-O 11. Be3 Rb8 12. Rc1 Ne5 13. b3 Re8 14. f4 Ned7 15. g4
Nf8 16. g5 N6d7 17. Bg4 Bd8 18. h4 Qa5 19. Qf3 Bb6 20. Rfd1 Bc5 21. Bh3 Ng6 22.
f5 Nde5 23. Qf2 Nf8 24. Rc2 Bd7 25. Nce2 b5 26. cxb5 axb5 27. Nf4 Qa8 28. fxe6
fxe6 29. Qg2 Bc6 30. Qg3 Bxe4 31. Rxc5 dxc5 32. Ndxe6 c4 33. Nc7 Qxa2 34. Nxe8
Rxe8 35. bxc4 bxc4 36. Bg2 Bxg2 37. Nxg2 c3 38. Bf4 c2 39. Re1 Nfg6 40. Bc1 Qd5
41. Kh1 Rf8 42. h5 Nd3 43. hxg6 Nxe1 44. Qxe1 Qd1 45. gxh7+ Kxh7 46. Kg1 Rd8 47.
Kf2 Qxe1+ 48. Nxe1 Rd1 49. Nxc2 Rxc1 50. Nd4 Kg6 51. Nf3 Kf5 52. Kg3 Rc3 53. Kf2
Kf4 54. Nd2 Rc2 0-1

[Event "16th ch-EUR Indiv w 2015"]
[Site "Chakvi GEO"]
[Date "2015.05.23"]
[Round "5.22"]
[White "Arakhamia-Grant, Ketevan"]
[Black "Vojinovic, Jovana"]
[Result "1-0"]
[WhiteTitle "GM"]
[BlackTitle "WGM"]
[WhiteElo "2393"]
[BlackElo "2262"]
[WhiteFideId "13600168"]
[BlackFideId "937266"]
[EventDate "2015.05.19"]

1. e4 e6 2. d4 d5 3. Nc3 dxe4 4. Nxe4 Nf6 5. Bd3 Qd5 6. Nxf6+ gxf6 7. Nf3 Nc6 8.
c3 Bd7 9. Qe2 O-O-O 10. Bd2 Ne7 11. c4 Qh5 12. h3 f5 13. O-O-O Bh6 14. g4 Bxd2+
15. Nxd2 Qg5 16. Rhg1 fxg4 17. Rxg4 Qa5 18. Kb1 Ba4 19. b3 h5 20. Re4 Bd7 21.
Nf3 Ng8 22. Ne5 Be8 23. Bc2 Ne7 24. Rf4 Rf8 25. Kb2 Nc6 26. Nxc6 Bxc6 27. Rh4
Rh8 28. Qe3 Qb4 29. Rf4 Be8 30. d5 exd5 31. Qxa7 c6 32. Rfd4 Qd6 33. cxd5 cxd5
34. Bf5+ Kc7 35. Qa5+ Qb6 36. Qxb6+ Kxb6 37. Rxd5 Rxd5 38. Rxd5 Bc6 39. Re5 Rd8
40. Kc3 Rd1 41. Bd3 h4 42. Rh5 Ra1 43. a4 Rh1 44. Rxh4 Rh2 45. f4 Kc5 46. Rh5+
Kd6 47. h4 Rf2 48. Rh6+ Ke7 49. f5 Rf3 50. Kd4 f6 51. h5 Rf4+ 52. Kc5 Rf3 53.
Rh7+ Kf8 54. Bc4 Rxf5+ 55. Kd6 Rf4 56. h6 Rd4+ 57. Ke6 Kg8 58. Rc7 Rf4 59. Bd3
Rh4 60. Rc8+ 1-0

[Event "16th ch-EUR Indiv w 2015"]
[Site "Chakvi GEO"]
[Date "2015.05.23"]
[Round "5.23"]
[White "Mamedjarova, Zeinab"]
[Black "Atalik, Ekaterina"]
[Result "0-1"]
[WhiteTitle "WGM"]
[BlackTitle "IM"]
[WhiteElo "2235"]
[BlackElo "2392"]
[WhiteFideId "13401521"]
[BlackFideId "4130189"]
[EventDate "2015.05.19"]

1. d4 Nf6 2. Nf3 g6 3. g3 Bg7 4. Bg2 O-O 5. O-O d5 6. c4 dxc4 7. Na3 c3 8. bxc3
c5 9. Ne5 Nc6 10. Rb1 cxd4 11. Nxc6 bxc6 12. cxd4 Bf5 13. Rb7 Qc8 14. Qb3 Be6
15. Qb2 Nd5 16. e4 Nb6 17. Rxe7 Bf6 18. Bh6 Bxe7 19. d5 f6 20. dxe6 Rd8 21. Bh3
Qa6 22. Nc2 Qe2 23. Qc1 Qxe4 24. Ne3 Rac8 25. Qb2 Qf3 26. Bg4 Qe4 27. Bh3 Qd4
28. Qe2 Nd5 29. Nf5 Qe5 30. Qxe5 fxe5 31. Nxe7+ Nxe7 32. Bg5 Re8 33. Re1 c5 34.
Rxe5 c4 35. Re2 c3 36. Rc2 Nf5 37. Bf6 Rxe6 38. Rxc3 Rxc3 39. Bxc3 Rc6 40. Be5
Kf7 41. Bf1 Ke6 42. Bf4 Kf6 43. h4 h6 44. a4 a6 45. a5 g5 46. hxg5+ hxg5 47. Bd2
g4 48. Kg2 Nd4 49. Be3 Ke5 50. Bd3 Kd5 51. Bxd4 Kxd4 52. Bf5 Rc5 53. Bxg4 Rxa5
54. Bc8 Ra1 55. Kh3 a5 56. f4 a4 57. Be6 a3 58. Kg4 Re1 59. Bg8 Re2 60. Kf5 a2
61. Bxa2 Rxa2 62. g4 Ra5+ 63. Kg6 Ke4 64. f5 Ke5 65. g5 Ra7 66. f6 Ke6 67. Kh6
Kf7 68. Kh7 Ra8 69. g6+ Kxf6 70. g7 Kf7 0-1

[Event "16th ch-EUR Indiv w 2015"]
[Site "Chakvi GEO"]
[Date "2015.05.23"]
[Round "5.24"]
[White "Isgandarova, Khayala"]
[Black "Matveeva, Svetlana"]
[Result "1/2-1/2"]
[WhiteTitle "WIM"]
[BlackTitle "IM"]
[WhiteElo "2243"]
[BlackElo "2380"]
[WhiteFideId "13401823"]
[BlackFideId "4119827"]
[EventDate "2015.05.19"]

1. e4 g6 2. d4 Bg7 3. Nc3 c6 4. f4 d5 5. e5 Nh6 6. Nf3 Bg4 7. h3 Bxf3 8. Qxf3 f6
9. exf6 Bxf6 10. Be3 Nf5 11. O-O-O Nd7 12. g4 Nxe3 13. Qxe3 Qb6 14. h4 O-O-O 15.
g5 Bg7 16. Bh3 Kb8 17. Qxe7 Bf8 18. Qf7 Qc7 19. Rhe1 Bd6 20. f5 Rdf8 21. Qg7
Rfg8 22. Qf7 Rf8 23. Qe6 gxf5 24. Bxf5 Nb6 25. Bd3 Bg3 26. Rf1 Bxh4 27. Qh6 Rxf1
28. Rxf1 Qg3 29. Kb1 Re8 30. Ne2 Qxg5 31. Qd6+ Ka8 32. Rf8 Rxf8 33. Qxf8+ Qd8
34. Qxd8+ Bxd8 35. Bxh7 Nc4 36. c3 a5 37. b3 Nd6 38. a4 Bg5 39. Kc2 b6 40. Bg6
Kb7 1/2-1/2

[Event "16th ch-EUR Indiv w 2015"]
[Site "Chakvi GEO"]
[Date "2015.05.23"]
[Round "5.25"]
[White "Petrenko, Svetlana"]
[Black "Guramishvili, Sopiko"]
[Result "0-1"]
[WhiteTitle "IM"]
[BlackTitle "IM"]
[WhiteElo "2207"]
[BlackElo "2370"]
[WhiteFideId "13900196"]
[BlackFideId "13602888"]
[EventDate "2015.05.19"]

1. e4 c5 2. Nf3 d6 3. d4 cxd4 4. Nxd4 Nf6 5. Nc3 a6 6. Be2 e5 7. Nb3 Be7 8. O-O
O-O 9. Qd3 Nbd7 10. Qg3 b5 11. Bh6 Ne8 12. Bd2 Ndf6 13. a3 Bb7 14. Bd3 Rc8 15.
Rae1 Nc7 16. Bh6 Ne6 17. Bd2 Nh5 18. Qf3 Nhf4 19. g3 Nh3+ 20. Kh1 f5 21. Qg2
Nhg5 22. f3 f4 23. Nd5 fxg3 24. Qxg3 Bxd5 25. exd5 Nf4 26. h4 Ngh3 27. Rg1 Nxg1
28. Rxg1 g6 29. h5 g5 30. Qg4 Qe8 31. h6 Kh8 32. Be4 Qh5+ 33. Qxh5 Nxh5 34. Bxg5
Bxg5 35. Rxg5 Nf4 36. Rg7 Ng6 37. c3 Rf6 38. Kg1 Rg8 39. Ra7 Nf4+ 40. Kf1 Rxh6 0-1

[Event "16th ch-EUR Indiv w 2015"]
[Site "Chakvi GEO"]
[Date "2015.05.23"]
[Round "5.26"]
[White "Mikadze, Miranda"]
[Black "Osmanodja, Filiz"]
[Result "1-0"]
[WhiteTitle "WIM"]
[BlackTitle "WIM"]
[WhiteElo "2233"]
[BlackElo "2352"]
[WhiteFideId "13603108"]
[BlackFideId "24633569"]
[EventDate "2015.05.19"]

1. e4 e5 2. Nf3 Nc6 3. Bb5 a6 4. Ba4 Nf6 5. d3 d6 6. a3 g6 7. O-O Bg7 8. Nbd2
O-O 9. c3 b5 10. Bb3 Nh5 11. Re1 Nf4 12. Nf1 Ne6 13. Bd5 Bd7 14. b4 Rb8 15. Ne3
Kh8 16. Bb2 Ne7 17. Bb3 f5 18. exf5 Nxf5 19. d4 Ng5 20. Nxf5 Nxf3+ 21. Qxf3 Rxf5
22. Qe3 Qh4 23. Qg3 Qxg3 24. hxg3 Rbf8 25. f3 h5 26. Bc2 Rg5 27. dxe5 Rxg3 28.
Kf2 Rg5 29. exd6 cxd6 30. Rad1 d5 31. Re7 Bf5 32. Bb3 Bf6 33. Ra7 h4 34. Rxd5
Rg3 35. Rxa6 Bc8 36. Rxf6 Rxf6 37. c4 1-0

[Event "16th ch-EUR Indiv w 2015"]
[Site "Chakvi GEO"]
[Date "2015.05.23"]
[Round "5.27"]
[White "Imnadze, Nato"]
[Black "Gvetadze, Sofio"]
[Result "1-0"]
[WhiteTitle "WIM"]
[BlackTitle "IM"]
[WhiteElo "2196"]
[BlackElo "2319"]
[WhiteFideId "13600974"]
[BlackFideId "13601440"]
[EventDate "2015.05.19"]

1. e4 c5 2. Nc3 Nc6 3. Bb5 g6 4. Bxc6 dxc6 5. d3 Bg7 6. f4 Nf6 7. Nf3 O-O 8. O-O
b6 9. Qe1 Re8 10. Qh4 Nd7 11. f5 Nf8 12. fxg6 hxg6 13. Bh6 Be6 14. Rf2 f6 15. e5
Bd5 16. Ne2 Qd7 17. Raf1 Nh7 18. Bxg7 Kxg7 19. Qg3 Rg8 20. Nh4 Kf7 21. Nf4 Ke8
22. exf6 exf6 23. Nxd5 cxd5 24. Nxg6 Kd8 25. h4 Re8 26. Nf4 Kc8 27. Nh5 Kb7 28.
Nxf6 Nxf6 29. Rxf6 Ka6 30. d4 Rg8 31. Qa3+ Kb5 32. Qb3+ Ka5 33. dxc5 Qg4 34.
Qxd5 Rad8 35. Qf3 Qxh4 36. Rf4 Qg5 37. Qa3+ Kb5 38. Qa4+ Kxc5 39. Rc4+ Kd6 40.
Qc6+ Ke7 41. Re4+ 1-0

[Event "16th ch-EUR Indiv w 2015"]
[Site "Chakvi GEO"]
[Date "2015.05.23"]
[Round "5.29"]
[White "Mammadova, Narmin"]
[Black "Mammadova, Gulnar"]
[Result "1/2-1/2"]
[WhiteTitle "WCM"]
[BlackTitle "WGM"]
[WhiteElo "2117"]
[BlackElo "2293"]
[WhiteFideId "13403710"]
[BlackFideId "13403508"]
[EventDate "2015.05.19"]

1. e4 g6 2. d4 Bg7 3. Nf3 c6 4. Bd3 d5 5. e5 Bg4 6. h3 Bxf3 7. Qxf3 e6 8. O-O
Qb6 9. c3 c5 10. Na3 a6 11. dxc5 Qxc5 12. Bf4 Nd7 13. Rfe1 Ne7 14. c4 O-O 15.
Rac1 d4 16. Qxb7 Ra7 17. Qe4 Nc6 18. Nb5 Raa8 19. Nc7 Ra7 20. Nb5 Raa8 21. Nc7
Ra7 1/2-1/2

[Event "16th ch-EUR Indiv w 2015"]
[Site "Chakvi GEO"]
[Date "2015.05.23"]
[Round "5.30"]
[White "Tevzadze, Mariam"]
[Black "Stetsko, Lanita"]
[Result "0-1"]
[BlackTitle "FM"]
[WhiteElo "1834"]
[BlackElo "2286"]
[WhiteFideId "13605470"]
[BlackFideId "13505300"]
[EventDate "2015.05.19"]

1. d4 Nf6 2. c4 e6 3. Nf3 d5 4. Nc3 Bb4 5. Bg5 h6 6. Bxf6 Qxf6 7. Qb3 c5 8. cxd5
exd5 9. a3 Bxc3+ 10. Qxc3 Nd7 11. e3 O-O 12. Be2 b6 13. O-O Bb7 14. Rac1 c4 15.
a4 a6 16. Qb4 Bc6 17. Nd2 Rfb8 18. b3 b5 19. a5 Re8 20. Bf3 Rac8 21. Rfe1 Nf8
22. Nb1 Ne6 23. Nc3 Ng5 24. Bg4 Rc7 25. f4 Nh7 26. Bf3 Qd8 27. bxc4 bxc4 28. Qb6
Nf6 29. Qxa6 Re6 30. Qb6 Ba8 31. Qb5 Rb7 32. Qc5 Rb3 33. Qa7 Rb7 34. Qc5 Rb3 35.
Qa7 Bc6 36. Rb1 Rxb1 37. Rxb1 Kh7 38. Rb8 Qd6 39. Qb6 Rxe3 40. Ne2 Rb3 41. Rd8
Qe7 42. Qxc6 Qe3+ 0-1

[Event "16th ch-EUR Indiv w 2015"]
[Site "Chakvi GEO"]
[Date "2015.05.23"]
[Round "5.31"]
[White "Ziaziulkina, Nastassia"]
[Black "Hojjatova, Aydan"]
[Result "1/2-1/2"]
[WhiteTitle "IM"]
[BlackTitle "WFM"]
[WhiteElo "2423"]
[BlackElo "2168"]
[WhiteFideId "13505211"]
[BlackFideId "13401491"]
[EventDate "2015.05.19"]

1. e4 c5 2. Nf3 e6 3. d4 cxd4 4. Nxd4 Nf6 5. Nc3 Nc6 6. Ndb5 Bc5 7. Bf4 O-O 8.
Bc7 Qe7 9. Bd6 Bxd6 10. Qxd6 Ne8 11. Qxe7 Nxe7 12. O-O-O f5 13. exf5 Nxf5 14. f3
d5 15. Nd4 Nxd4 16. Rxd4 Nd6 17. Bd3 Bd7 18. Re1 Rf6 19. Rh4 h6 20. Rd4 Raf8 21.
Bf1 g5 22. Bd3 Kg7 23. Ne2 Be8 24. Ng3 Bf7 25. c3 Re8 26. Bc2 Rf4 27. Rd2 b5 28.
b3 a5 29. Ne2 Rf6 30. Ng3 Rc8 31. Kb2 a4 32. Ne2 Re8 33. Ng3 Rb8 34. Rd4 Rf4 35.
Ne2 Rf6 36. Rb4 axb3 37. axb3 e5 38. Ng3 Re6 39. Nf5+ Nxf5 40. Bxf5 Reb6 41. Bd3
Kf6 42. Ra1 Bg6 43. Be2 Be8 44. Ra7 h5 45. Kc2 Rc8 46. Kd2 Rd8 47. Ra5 Rdb8 48.
Bd3 R8b7 49. Ra8 Bf7 50. Kc2 Ke7 51. Ra5 1/2-1/2

[Event "16th ch-EUR Indiv w 2015"]
[Site "Chakvi GEO"]
[Date "2015.05.23"]
[Round "5.32"]
[White "Folkova, Martina"]
[Black "Ibrahimova, Sabina"]
[Result "0-1"]
[WhiteTitle "WFM"]
[BlackTitle "WIM"]
[WhiteElo "2134"]
[BlackElo "2272"]
[WhiteFideId "304271"]
[BlackFideId "13403893"]
[EventDate "2015.05.19"]

1. e4 c5 2. Nf3 Nc6 3. d4 cxd4 4. Nxd4 g6 5. Nc3 Bg7 6. Be3 Nf6 7. Bc4 O-O 8.
Bb3 d6 9. h3 Bd7 10. O-O a5 11. a4 Nxd4 12. Bxd4 Bc6 13. Qd3 Nd7 14. Bxg7 Kxg7
15. Qd4+ Kg8 16. Nd5 Nc5 17. Rad1 Rc8 18. Rfe1 e5 19. Qc4 Ne6 20. Nc3 Nd4 21.
Qd3 Qb6 22. Ne2 Nxb3 23. cxb3 Rfd8 24. Qf3 Qb4 25. Ng3 f5 26. Nxf5 gxf5 27. Qxf5
Rf8 28. Qe6+ Kh8 29. Qxd6 Qxd6 30. Rxd6 Rcd8 31. Rxd8 Rxd8 32. Re3 Rd2 33. f3
Rxb2 34. Rc3 Kg7 35. Rc5 Rxb3 36. Rxa5 Kf6 37. Ra7 Kg5 38. Kh2 Rb6 39. a5 Ra6
40. Rxa6 bxa6 41. Kg3 Bd7 42. Kf2 Kh4 43. f4 exf4 44. Kf3 Kg5 45. h4+ Kxh4 46.
Kxf4 Bg4 47. Ke5 Kg3 48. Kf6 Kf4 49. e5 h5 50. e6 h4 51. e7 Bd7 52. Kf7 Kg3 53.
e8=Q Bxe8+ 54. Kxe8 Kxg2 55. Kd7 h3 56. Kc7 h2 57. Kb6 h1=Q 58. Kxa6 Qb1 59. Ka7
Qb4 0-1

[Event "16th ch-EUR Indiv w 2015"]
[Site "Chakvi GEO"]
[Date "2015.05.23"]
[Round "5.33"]
[White "Gaboyan, Susanna"]
[Black "Korenova, Martina"]
[Result "1/2-1/2"]
[BlackTitle "WIM"]
[WhiteElo "2153"]
[BlackElo "2241"]
[WhiteFideId "13303627"]
[BlackFideId "302805"]
[EventDate "2015.05.19"]

1. c4 g6 2. Nc3 Bg7 3. d4 d6 4. Nf3 f5 5. g3 Nf6 6. Bg2 O-O 7. O-O Nc6 8. c5 e5
9. d5 Ne7 10. cxd6 cxd6 11. e4 Kh8 12. Nd2 b5 13. Nxb5 Ba6 14. a4 Qd7 15. Qb3
Rab8 16. Qa3 fxe4 17. Nxe4 Nf5 18. Rd1 Nxe4 19. Bxe4 Bxb5 20. axb5 Nd4 21. Be3
Nxb5 22. Qa4 Qg4 23. f3 Qh3 24. Qc2 Rfc8 25. Qf2 Bh6 26. Rdc1 Rxc1+ 27. Rxc1
Bxe3 28. Qxe3 Nd4 29. Qf2 Qd7 30. Kg2 a5 31. h4 Qb5 32. h5 Qxb2 33. Qxb2 Rxb2+
34. Kh3 Kg7 35. Rc7+ Kh6 36. hxg6 hxg6 37. Rd7 Nb5 38. Rd8 a4 39. Rg8 Kh7 40.
Ra8 Nc3 41. Ra6 Nxe4 42. fxe4 Rb4 43. Kh4 Kh6 44. Rxd6 Rxe4+ 45. g4 Rd4 46. Ra6
Rd3 47. g5+ Kg7 48. Rxa4 Rxd5 49. Ra7+ Kf8 50. Ra6 Kf7 51. Rf6+ Kg7 52. Re6 Rd4+
53. Kg3 Rd3+ 54. Kg4 Re3 55. Kh4 Kf7 56. Rf6+ Ke7 57. Rxg6 Rf3 58. Kg4 Rf1 59.
Ra6 e4 60. Ra4 Rg1+ 61. Kf4 Rf1+ 62. Kxe4 Kf7 63. Ra6 Kg7 64. g6 1/2-1/2

[Event "16th ch-EUR Indiv w 2015"]
[Site "Chakvi GEO"]
[Date "2015.05.23"]
[Round "5.35"]
[White "Ghukasyan, Siranush"]
[Black "Belenkaya, Dina"]
[Result "1/2-1/2"]
[BlackTitle "WFM"]
[WhiteElo "2100"]
[BlackElo "2235"]
[WhiteFideId "13300946"]
[BlackFideId "24142654"]
[EventDate "2015.05.19"]

1. e4 c6 2. d4 d5 3. Nc3 dxe4 4. Nxe4 Bf5 5. Ng3 Bg6 6. h4 h6 7. h5 Bh7 8. Nf3
Nd7 9. Bd3 Bxd3 10. Qxd3 e6 11. Bd2 Ngf6 12. O-O-O Be7 13. Ne4 Nxe4 14. Qxe4 Nf6
15. Qe2 Qd5 16. c4 Qe4 17. Qxe4 Nxe4 18. Be3 Nd6 19. b3 b5 20. Ne5 Rc8 21. Kc2
Bf6 22. Kd3 Ke7 23. Rc1 c5 24. dxc5 Nf5 25. Nf3 Rhd8+ 26. Ke2 Nxe3 27. Kxe3 b4
28. Rhd1 Rxd1 29. Rxd1 Rxc5 30. g4 Ra5 31. Rd2 g6 32. hxg6 fxg6 33. Nd4 Rc5 34.
f4 h5 35. g5 Bxd4+ 36. Kxd4 Rf5 37. Ke4 Ra5 38. Re2 Kd6 39. Rd2+ Ke7 40. Re2 Rc5
41. Rd2 Rf5 42. Rd3 Rf8 43. a3 a5 44. axb4 axb4 45. Rd1 Ra8 46. c5 Ra3 47. Rd3
Ra1 48. c6 Re1+ 49. Kf3 e5 50. Rd7+ Ke6 51. Rg7 exf4 52. Kxf4 Rf1+ 53. Ke4 Re1+
54. Kf4 Rf1+ 55. Ke3 Rc1 56. Kf4 Rf1+ 57. Ke4 1/2-1/2

[Event "16th ch-EUR Indiv w 2015"]
[Site "Chakvi GEO"]
[Date "2015.05.23"]
[Round "5.36"]
[White "Khomeriki, Nino"]
[Black "Mammadova, Aysel"]
[Result "1-0"]
[WhiteTitle "WFM"]
[WhiteElo "2228"]
[BlackElo "1862"]
[WhiteFideId "13603191"]
[BlackFideId "13402161"]
[EventDate "2015.05.19"]

1. d4 Nf6 2. Nf3 e6 3. e3 Be7 4. Bd3 b6 5. O-O Bb7 6. Nbd2 O-O 7. b3 c5 8. Bb2
Nc6 9. c4 d5 10. Rc1 Rc8 11. Qe2 Ba6 12. Rfd1 cxd4 13. exd4 Qd6 14. Ne5 dxc4 15.
Ndxc4 Bxc4 16. bxc4 Qb8 17. Nxc6 Rxc6 18. d5 exd5 19. Qxe7 Re8 20. Qb4 Ng4 21.
g3 Ne5 22. Bxe5 Qxe5 23. Re1 1-0

[Event "16th ch-EUR Indiv w 2015"]
[Site "Chakvi GEO"]
[Date "2015.05.23"]
[Round "5.37"]
[White "Tskhadadze, Anna"]
[Black "Kiolbasa, Oliwia"]
[Result "1/2-1/2"]
[BlackTitle "WFM"]
[WhiteElo "1938"]
[BlackElo "2223"]
[WhiteFideId "4165098"]
[BlackFideId "1154613"]
[EventDate "2015.05.19"]

1. c4 c5 2. g3 Nc6 3. Bg2 g6 4. Nc3 Bg7 5. e3 d6 6. Nge2 e5 7. O-O Nge7 8. d3
O-O 9. e4 Be6 10. Nd5 Rb8 11. Nec3 Nd4 12. Bg5 f6 13. Be3 Nec6 14. a3 b5 15. b3
Qd7 16. Rb1 bxc4 17. bxc4 Rxb1 18. Qxb1 Rb8 19. Qa2 Bh3 20. Ne2 Bxg2 21. Kxg2 f5
22. Nxd4 cxd4 23. Bg5 fxe4 24. dxe4 Qg4 25. f4 exf4 26. Bxf4 d3 27. Rb1 Rxb1 28.
Qxb1 Qe2+ 29. Kh3 Qxe4 30. Qb7 Qe6+ 31. Kg2 Nd4 32. Ne7+ Kf8 33. Nc8 Nf5 34.
Nxa7 Qe2+ 35. Kh3 Qh5+ 36. Kg2 Qe2+ 37. Kh3 Qh5+ 38. Kg2 Qe2+ 39. Kh3 Qh5+ 40.
Kg2 Bd4 41. Qc8+ Kf7 42. Qd7+ Ne7 43. Nc8 Qe2+ 44. Kh3 Qh5+ 45. Kg2 Qe2+ 1/2-1/2

[Event "16th ch-EUR Indiv w 2015"]
[Site "Chakvi GEO"]
[Date "2015.05.23"]
[Round "5.38"]
[White "Jalaghonia, Nino"]
[Black "Khurtsilava, Inga"]
[Result "0-1"]
[WhiteTitle "WFM"]
[BlackTitle "WGM"]
[WhiteElo "1865"]
[BlackElo "2212"]
[WhiteFideId "13605895"]
[BlackFideId "13600419"]
[EventDate "2015.05.19"]

1. g3 d5 2. Bg2 Nf6 3. c4 e6 4. Nf3 Nc6 5. b3 e5 6. Bb2 e4 7. Ne5 Nxe5 8. Bxe5
c6 9. O-O Bd6 10. Bb2 Qe7 11. f3 e3 12. Bd4 h5 13. dxe3 h4 14. Qe1 hxg3 15. hxg3
Nh5 16. f4 c5 17. Bb2 Qxe3+ 18. Qf2 Qxg3 19. Qxg3 Nxg3 20. Rf2 Bxf4 21. Nc3 d4
22. Nd5 Bd6 23. e3 Nf5 24. exd4 Kf8 25. Nf4 Rh4 26. Nd5 cxd4 27. Rd1 Bd7 28.
Rxf5 Bxf5 29. b4 d3 30. c5 Bh2+ 31. Kf2 Re8 32. Rd2 Bf4 33. Nxf4 Rxf4+ 34. Kg3
Rxb4 35. c6 Rg4+ 36. Kf2 bxc6 37. Bxc6 Rc8 38. Bf3 Ra4 0-1

[Event "16th ch-EUR Indiv w 2015"]
[Site "Chakvi GEO"]
[Date "2015.05.23"]
[Round "5.39"]
[White "Kuchava, Ana"]
[Black "Daulyte, Deimante"]
[Result "0-1"]
[BlackTitle "IM"]
[WhiteElo "2135"]
[BlackElo "2402"]
[WhiteFideId "13605348"]
[BlackFideId "12802859"]
[EventDate "2015.05.19"]

1. d4 Nf6 2. c4 g6 3. f3 d5 4. cxd5 Nxd5 5. e4 Nb6 6. Nc3 Bg7 7. Be3 O-O 8. Qd2
Nc6 9. O-O-O Qd6 10. Nb5 Qd7 11. Bh6 Bxh6 12. Qxh6 a6 13. Nc3 Nxd4 14. h4 e5 15.
h5 Qe7 16. hxg6 fxg6 17. Nh3 Bxh3 18. Rxh3 Rf7 19. Kb1 Rd8 20. Rg3 Rd6 21. Bd3
c6 22. Qe3 Qe6 23. Rg5 Nd7 24. Rf1 Nc5 25. Bc2 Qf6 26. Rg4 Nce6 27. Bd1 h5 28.
Rg3 Nf4 29. Rh1 Qd8 30. Bb3 Nxb3 31. axb3 Rd4 32. Kc2 Rfd7 33. Rgh3 Nxh3 34.
Rxh3 Rd2+ 35. Kb1 Rxg2 36. f4 Rdd2 37. Na4 b5 0-1

[Event "16th ch-EUR Indiv w 2015"]
[Site "Chakvi GEO"]
[Date "2015.05.23"]
[Round "5.40"]
[White "Khmiadashvili, Tamar"]
[Black "Kazimova, Narmin"]
[Result "0-1"]
[WhiteTitle "WGM"]
[BlackTitle "WGM"]
[WhiteElo "2043"]
[BlackElo "2259"]
[WhiteFideId "13600346"]
[BlackFideId "13402951"]
[EventDate "2015.05.19"]

1. d4 Nf6 2. Nf3 e6 3. c3 b6 4. Bg5 Bb7 5. e3 h6 6. Bh4 c5 7. Nbd2 Be7 8. Bg3
O-O 9. Bd3 Nc6 10. O-O d6 11. Qe2 Nh5 12. Ne1 Nxg3 13. hxg3 Bf6 14. Ba6 Bxa6 15.
Qxa6 Rc8 16. Nef3 d5 17. Qe2 Qe7 18. dxc5 bxc5 19. e4 Qc7 20. Rfe1 Rb8 21. e5
Be7 22. b3 Qa5 23. Rec1 Rfe8 24. a3 Qb6 25. b4 a5 26. bxa5 Qxa5 27. c4 Rb2 28.
Qe1 Reb8 29. Qe3 Nd4 30. Rab1 Rxb1 31. Rxb1 Rxb1+ 32. Nxb1 dxc4 33. Kh2 Nb5 34.
Ne1 c3 35. Qd3 Nxa3 36. Nxa3 Qxa3 37. Nc2 Qb2 38. f4 c4 39. Qe4 Bc5 40. g4 Qc1
41. Qa8+ Kh7 42. Qe4+ g6 43. f5 Bf2 44. fxg6+ Kg7 45. g5 Qxg5 46. g4 Qh4+ 47.
Kg2 Qg3+ 48. Kf1 Bc5 49. Nd4 Bxd4 50. Qxd4 Qd3+ 0-1

[Event "16th ch-EUR Indiv w 2015"]
[Site "Chakvi GEO"]
[Date "2015.05.23"]
[Round "5.41"]
[White "Unuk, Laura"]
[Black "Balajayeva, Khanim"]
[Result "1-0"]
[WhiteTitle "WIM"]
[BlackTitle "WCM"]
[WhiteElo "2213"]
[BlackElo "2130"]
[WhiteFideId "14609215"]
[BlackFideId "13406396"]
[EventDate "2015.05.19"]

1. Nf3 d5 2. d4 c5 3. c4 e6 4. cxd5 exd5 5. g3 Nc6 6. Bg2 Nf6 7. O-O Be7 8. dxc5
Bxc5 9. Nc3 O-O 10. Bg5 d4 11. Ne4 Be7 12. Bxf6 Bxf6 13. b4 a6 14. a4 d3 15.
Nxf6+ Qxf6 16. Qxd3 Nxb4 17. Qd4 Qe7 18. Qe5 Be6 19. Nd4 Rae8 20. Nxe6 fxe6 21.
Rac1 Rf5 22. Qc7 Nc6 23. Qxe7 Rxe7 24. Bxc6 bxc6 25. Rxc6 Ra5 26. Rc4 Rd7 27.
Rb1 Kf7 28. f4 e5 29. f5 Rd4 30. Rc6 Rd7 31. Rb4 g6 32. fxg6+ hxg6 33. Kf2 e4
34. Rxe4 Rh5 35. h4 a5 36. Rf4+ Ke7 37. Rg4 Rf5+ 38. Ke1 g5 39. Ra6 Rdd5 40. e4
Rfe5 41. Rxg5 Rxg5 42. hxg5 Re5 43. Kf2 1-0

[Event "16th ch-EUR Indiv w 2015"]
[Site "Chakvi GEO"]
[Date "2015.05.23"]
[Round "5.42"]
[White "Vakhania, Alexandra"]
[Black "Baraeva, Marina"]
[Result "1-0"]
[BlackTitle "WIM"]
[WhiteElo "2130"]
[BlackElo "2204"]
[WhiteFideId "13602560"]
[BlackFideId "24142573"]
[EventDate "2015.05.19"]

1. Nf3 d5 2. d4 Nf6 3. Bf4 c5 4. e3 Nc6 5. c3 e6 6. Nbd2 Bd6 7. Bg3 O-O 8. Bd3
Re8 9. Ne5 c4 10. Bc2 Qc7 11. f4 b5 12. Bh4 Be7 13. O-O a6 14. Rf3 Ne4 15. Bxe7
Nxe5 16. fxe5 Qxe7 17. Nxe4 dxe4 18. Bxe4 Bb7 19. Bxh7+ Kf8 20. Rf4 Qg5 21. Be4
Bxe4 22. Rxe4 Rab8 23. Qf3 b4 24. Rf1 Re7 25. Rf4 Rbb7 26. Qc6 g6 27. Qxc4 bxc3
28. Qxc3 Rec7 29. Qa5 Kg7 30. Qd2 Rc6 31. Qf2 Rcc7 32. h4 Qe7 33. h5 gxh5 34.
Rf6 Kf8 35. Qf4 Rxb2 36. Qh6+ Ke8 37. Qh8+ Qf8 38. Rxe6+ Re7 39. Rxe7+ Kxe7 40.
Qf6+ Ke8 41. e6 1-0